000 00752nam a22002292 4500
001 0000025443
005 20151217154543.0
008 150922s xx 000 0 eng d
020 _a1451128345 :
040 _aKABU
_cKABU
100 1 _aKarch, Amy M.
_@0000186082
245 1 0 _aFocusing on Nursing Pharmacology /
_cby Amy m. Karch.
250 _a6th ed.
260 _aNew York :
_bwolters Kluwer,
_c2013.
300 _a xi, 1056p.
650 0 _aPharmaceutical preparations
_xNurses' instruction.
_@0000186083
650 0 _aDrug therapy.
_vNurses' instruction.
_@0000185634
852 1 _9P8596KES
852 1 _9P8596KES
908 _a150922
950 _@1
999 _c11709
_d11709